00550nam a22001697a 450000100100000000500170001000800410002701000170006804000250008508200200011010000340013024500770016426000700024130000290031165000180034065000220035800000920420200929161522.0900802s1983 cu a 000 0 spa  a 90181457  aDO-SdBNPcDLCdBNPHU aCu863.44bN964p1 aNúñez Jiménez, Antonio.10aPedro en el laberinto de las doce leguas /cAntonio Núñez Jiménez. aCiudad de La Habana, Cuba :bGente Nueva,cc1983g(1985 printing) a164 p. :bill. ;c19 cm. 4aNovela cubana 4aLiteratura cubana